000 00319nam a2200121Ia 4500
005 20260326235451.0
008 260326s9999||||xx |||||||||||||| ||und||
100 _aMagnani, Franco
245 0 _aVivir joven :
_b decoración y Mobiliario /
_cFranco Magnani
260 _bGustavo Gili
650 _aDECORACIÓN
942 _cBK
999 _c7752
_d7752